[Event "RUS-chT Women Rapid 2019"]
[Site "Sochi"]
[Date "2019.10.18"]
[Round "5.9"]
[White "Lysenko, Margarita"]
[Black "Voit, Daria"]
[Result "0-1"]
[WhiteElo "2243"]
[BlackElo "2336"]
[Annotator "NA"]
[PlyCount "60"]
[EventDate "2019.10.18"]
[EventType "swiss"]
[EventCountry "RUS"]
[SourceTitle "playchess.com"]
[Source "ChessBase"]
[SourceQuality "1"]
[TimeControl "900+10"]

1. d4 {[%emt 0:00:00]} Nf6 {[%emt 0:00:00]} 2. c4 {[%emt 0:00:00]} e6 {[%emt 0:00:00]} 3. Nc3 {[%emt 0:00:00]} Bb4 {[%emt 0:00:00]} 4. f3 {[%emt 0:00:00]} c5 {[%emt 0:00:00]} 5. d5 {[%emt 0:00:00]} O-O {[%emt 0:00:00]} 6. e4 {[%emt 0:00:01]} d6 {[%emt 0:00:01]} 7. Bd3 {[%emt 0:00:12]} b5 {[%emt 0:00:02]} 8. Nge2 {[%emt 0:00:02]} bxc4 {[%emt 0:00:08]} 9. Bxc4 {[%emt 0:00:01]} exd5 {[%emt 0:00:05]} 10. Bxd5 {[%emt 0:00:10]} Nxd5 {[%emt 0:00:08]} 11. Qxd5 {[%emt 0:00:05]} Qb6 {[%emt 0:00:21]} 12. O-O {[%emt 0:00:24]} Bb7 {[%emt 0:01:13]} 13. Qd1 {[%emt 0:00:48]} Nd7 {[%emt 0:00:55]} 14. Nd5 {[%emt 0:00:27]} Bxd5 {[%emt 0:01:49]} 15. Qxd5 {[%emt 0:00:03]} Nf6 {[%emt 0:00:10]} 16. Qg5 {[%emt 0:01:24]} Rfe8 {[%emt 0:01:03]} 17. Ng3 {[%emt 0:00:29]} h6 {[%emt 0:01:54]} 18. Qh4 {[%emt 0:01:06]} d5 {[%emt 0:00:02]} 19. Nf5 {[%emt 0:02:38]} c4+ {[%emt 0:00:12]} 20. Kh1 {[%emt 0:01:28]} Bf8 {[%emt 0:00:07]} 21. Be3 {[%emt 0:00:22]} Qxb2 {[%emt 0:02:22]} 22. Bd4 {[%emt 0:00:13]} Qd2 {[%emt 0:00:03]} 23. Bxf6 {[%emt 0:02:03]} gxf6 {[%emt 0:00:02]} 24. exd5 {[%emt 0:01:23]} Qxd5 {[%emt 0:02:27]} 25. Qg4+ {[%emt 0:01:33]} Kh7 {[%emt 0:00:30]} 26. Rad1 {[%emt 0:00:02]} Qe6 {[%emt 0:00:02]} 27. Rd4 {[%emt 0:01:29]} c3 {[%emt 0:01:46]} 28. Qh3 {[%emt 0:02:32]} Qe2 {[%emt 0:00:45]} 29. Rg1 {[%emt 0:00:18]} c2 {[%emt 0:01:25]} 30. Rh4 {[%emt 0:00:08]} c1=Q {[%emt 0:00:03]} 0-1

[Event "RUS-chT Women Rapid 2019"]
[Site "Sochi"]
[Date "2019.10.18"]
[Round "5.10"]
[White "Tomilova, Elena"]
[Black "Sudakova, Irina"]
[Result "1-0"]
[WhiteElo "2345"]
[BlackElo "2288"]
[Annotator "NA"]
[PlyCount "71"]
[EventDate "2019.10.18"]
[EventType "swiss"]
[EventCountry "RUS"]
[SourceTitle "playchess.com"]
[Source "ChessBase"]
[SourceQuality "1"]
[TimeControl "900+10"]

1. c4 {[%emt 0:00:00]} e6 {[%emt 0:00:00]} 2. Nf3 {[%emt 0:00:00]} d5 {[%emt 0:00:00]} 3. b3 {[%emt 0:00:00]} c5 {[%emt 0:00:00]} 4. g3 {[%emt 0:00:08]} Nc6 {[%emt 0:00:00]} 5. Bg2 {[%emt 0:00:10]} Nf6 {[%emt 0:00:04]} 6. O-O {[%emt 0:00:06]} Be7 {[%emt 0:00:20]} 7. e3 {[%emt 0:00:08]} dxc4 {[%emt 0:02:31]} 8. bxc4 {[%emt 0:00:04]} Qd3 {[%emt 0:00:34]} 9. Qb3 {[%emt 0:00:49]} Nb4 {[%emt 0:02:05]} 10. Nc3 {[%emt 0:00:40]} O-O {[%emt 0:02:07]} 11. Bb2 {[%emt 0:02:07]} Rd8 {[%emt 0:03:06]} 12. Rfd1 {[%emt 0:01:00]} Rb8 {[%emt 0:01:36]} 13. Ne5 {[%emt 0:02:20]} Qf5 {[%emt 0:00:28]} 14. d4 {[%emt 0:01:10]} cxd4 {[%emt 0:02:45]} 15. exd4 {[%emt 0:00:12]} Nc2 {[%emt 0:00:28]} 16. Nc6 {[%emt 0:01:16]} bxc6 {[%emt 0:00:02]} 17. Qxb8 {[%emt 0:00:03]} Nxa1 {[%emt 0:00:03]} 18. Bxa1 {[%emt 0:00:08]} Ba6 {[%emt 0:00:36]} 19. Qxa7 {[%emt 0:00:24]} Bb4 {[%emt 0:00:54]} 20. Qxa6 {[%emt 0:03:31]} Bxc3 {[%emt 0:00:03]} 21. Qxc6 {[%emt 0:00:23]} Qc2 {[%emt 0:00:24]} 22. Rf1 {[%emt 0:00:44]} Bxa1 {[%emt 0:00:08]} 23. Rxa1 {[%emt 0:00:01]} Qb2 {[%emt 0:00:13]} 24. Rd1 {[%emt 0:00:30]} Qxa2 {[%emt 0:00:09]} 25. Qc7 {[%emt 0:00:21]} Rf8 {[%emt 0:00:07]} 26. h3 {[%emt 0:00:12]} Qe2 {[%emt 0:00:08]} 27. Rc1 {[%emt 0:00:15]} Qd2 {[%emt 0:00:03]} 28. Qf4 {[%emt 0:00:11]} Qb2 {[%emt 0:00:09]} 29. d5 {[%emt 0:00:38]} exd5 {[%emt 0:00:15]} 30. cxd5 {[%emt 0:00:01]} h5 {[%emt 0:00:01]} 31. d6 {[%emt 0:00:18]} h4 {[%emt 0:00:07]} 32. g4 {[%emt 0:00:07]} Rd8 {[%emt 0:00:12]} 33. g5 {[%emt 0:00:31]} Ne8 {[%emt 0:00:11]} 34. Rd1 {[%emt 0:00:12]} Qe2 {[%emt 0:00:08]} 35. Bf3 {[%emt 0:00:11]} Qa6 {[%emt 0:00:30]} 36. d7 {[%emt 0:00:12]} 1-0

[Event "RUS-chT Women Rapid 2019"]
[Site "Sochi"]
[Date "2019.10.18"]
[Round "5.11"]
[White "Lukina, Aleksandra"]
[Black "Gritsayeva, Oksana"]
[Result "1-0"]
[WhiteElo "2060"]
[BlackElo "2370"]
[Annotator "NA"]
[PlyCount "71"]
[EventDate "2019.10.18"]
[EventType "swiss"]
[EventCountry "RUS"]
[SourceTitle "playchess.com"]
[Source "ChessBase"]
[SourceQuality "1"]
[TimeControl "900+10"]

1. d4 {[%emt 0:00:00]} g6 {[%emt 0:00:00]} 2. c4 {[%emt 0:00:00]} Bg7 {[%emt 0:00:00]} 3. Nc3 {[%emt 0:00:00]} c5 {[%emt 0:00:00]} 4. d5 {[%emt 0:00:18]} Bxc3+ {[%emt 0:00:00]} 5. bxc3 {[%emt 0:00:03]} f5 {[%emt 0:00:00]} 6. h3 {[%emt 0:01:42]} Qa5 {[%emt 0:00:33]} 7. Qd3 {[%emt 0:00:17]} Nf6 {[%emt 0:00:14]} 8. f3 {[%emt 0:00:32]} d6 {[%emt 0:00:31]} 9. g4 {[%emt 0:00:12]} Nbd7 {[%emt 0:00:35]} 10. Bf4 {[%emt 0:00:09]} Ne5 {[%emt 0:00:57]} 11. Bxe5 {[%emt 0:00:38]} dxe5 {[%emt 0:00:01]} 12. e4 {[%emt 0:01:18]} fxe4 {[%emt 0:00:27]} 13. fxe4 {[%emt 0:00:02]} Nxe4 {[%emt 0:00:15]} 14. Rc1 {[%emt 0:01:59]} Nd6 {[%emt 0:00:02]} 15. Qg3 {[%emt 0:00:15]} e4 {[%emt 0:00:55]} 16. Qe5 {[%emt 0:00:10]} Rf8 {[%emt 0:01:50]} 17. Rh2 {[%emt 0:00:53]} Qc7 {[%emt 0:01:02]} 18. Rf2 {[%emt 0:00:26]} Rg8 {[%emt 0:01:58]} 19. Ne2 {[%emt 0:00:42]} Bd7 {[%emt 0:00:03]} 20. Ng3 {[%emt 0:00:09]} O-O-O {[%emt 0:00:12]} 21. Nxe4 {[%emt 0:01:09]} Nxe4 {[%emt 0:00:44]} 22. Qxe4 {[%emt 0:00:01]} e6 {[%emt 0:00:30]} 23. Qf4 {[%emt 0:00:18]} exd5 {[%emt 0:00:42]} 24. Qxc7+ {[%emt 0:00:10]} Kxc7 {[%emt 0:00:01]} 25. cxd5 {[%emt 0:00:03]} Rge8+ {[%emt 0:00:09]} 26. Re2 {[%emt 0:01:00]} Kd6 {[%emt 0:00:21]} 27. Rd1 {[%emt 0:00:21]} Ba4 {[%emt 0:01:06]} 28. Rdd2 {[%emt 0:00:10]} Bb5 {[%emt 0:00:04]} 29. Re6+ {[%emt 0:00:35]} Kc7 {[%emt 0:02:03]} 30. Bxb5 {[%emt 0:00:05]} Rf8 {[%emt 0:00:02]} 31. d6+ {[%emt 0:02:57]} Kb6 {[%emt 0:00:18]} 32. Bf1 {[%emt 0:00:19]} c4 {[%emt 0:02:18]} 33. Bg2 {[%emt 0:00:19]} Rf7 {[%emt 0:00:08]} 34. Re7 {[%emt 0:00:32]} Rf6 {[%emt 0:00:58]} 35. Rxb7+ {[%emt 0:00:24]} Ka6 {[%emt 0:00:04]} 36. d7 1-0

[Event "RUS-chT Women Rapid 2019"]
[Site "Sochi"]
[Date "2019.10.18"]
[Round "5.12"]
[White "Vasilevich, Tatjana"]
[Black "Usacheva, Glafira"]
[Result "1-0"]
[WhiteElo "2360"]
[BlackElo "1905"]
[Annotator "NA"]
[PlyCount "53"]
[EventDate "2019.10.18"]
[EventType "swiss"]
[EventCountry "RUS"]
[SourceTitle "playchess.com"]
[Source "ChessBase"]
[SourceQuality "1"]
[TimeControl "900+10"]

1. d4 {[%emt 0:00:00]} d5 {[%emt 0:00:00]} 2. c4 {[%emt 0:00:00]} e6 {[%emt 0:00:00]} 3. Nc3 {[%emt 0:00:00]} Nf6 {[%emt 0:00:00]} 4. cxd5 {[%emt 0:00:00]} exd5 {[%emt 0:00:00]} 5. Bg5 {[%emt 0:00:00]} Nbd7 {[%emt 0:00:01]} 6. e3 {[%emt 0:00:00]} c6 {[%emt 0:00:03]} 7. Bd3 {[%emt 0:00:00]} Be7 {[%emt 0:00:06]} 8. Qc2 {[%emt 0:00:03]} Nh5 {[%emt 0:00:05]} 9. Bf4 {[%emt 0:00:46]} Nxf4 {[%emt 0:01:15]} 10. exf4 {[%emt 0:00:01]} Qb6 {[%emt 0:01:03]} 11. Nf3 {[%emt 0:00:41]} Nf6 {[%emt 0:00:08]} 12. h3 {[%emt 0:01:41]} O-O {[%emt 0:00:33]} 13. O-O-O {[%emt 0:01:26]} a5 {[%emt 0:02:28]} 14. Kb1 {[%emt 0:01:31]} Qd8 {[%emt 0:01:01]} 15. Ne5 {[%emt 0:00:21]} Bd7 {[%emt 0:03:01]} 16. g4 {[%emt 0:00:14]} h6 {[%emt 0:01:35]} 17. Ne2 {[%emt 0:02:31]} Be6 {[%emt 0:03:23]} 18. f5 {[%emt 0:03:22]} Bd7 {[%emt 0:00:34]} 19. h4 {[%emt 0:00:33]} Ne4 {[%emt 0:02:37]} 20. Bxe4 {[%emt 0:00:30]} dxe4 {[%emt 0:00:02]} 21. Qxe4 {[%emt 0:00:01]} Re8 {[%emt 0:00:03]} 22. Qd3 {[%emt 0:00:28]} Bf6 {[%emt 0:00:30]} 23. f4 {[%emt 0:00:20]} Be7 {[%emt 0:00:11]} 24. g5 {[%emt 0:00:44]} Qc8 {[%emt 0:00:01]} 25. Ng3 {[%emt 0:00:55]} Bd6 {[%emt 0:00:02]} 26. Rhg1 {[%emt 0:01:42]} Rf8 {[%emt 0:00:15]} 27. gxh6 {[%emt 0:00:20]} 1-0

[Event "RUS-chT Women Rapid 2019"]
[Site "Sochi"]
[Date "2019.10.19"]
[Round "6.1"]
[White "Pogonina, Natalija"]
[Black "Gunina, Valentina"]
[Result "1-0"]
[WhiteElo "2479"]
[BlackElo "2509"]
[Annotator "ChessBase"]
[PlyCount "87"]
[EventDate "2019.10.18"]
[EventType "swiss"]
[EventCountry "RUS"]
[SourceTitle "playchess.com"]
[Source "ChessBase"]
[SourceQuality "1"]
[TimeControl "900+10"]

1. d4 {[%emt 0:00:00]} Nf6 {[%emt 0:00:00]} 2. c4 {[%emt 0:00:00]} e6 {[%emt 0:00:00]} 3. g3 {[%emt 0:00:00]} d5 {[%emt 0:00:03]} 4. Bg2 {[%emt 0:00:00]} dxc4 {[%emt 0:00:18]} 5. Nf3 {[%emt 0:00:04]} Nc6 {[%emt 0:00:02]} 6. Qa4 {[%emt 0:01:23]} Nd7 {[%emt 0:00:02]} 7. Qxc4 {[%emt 0:00:07]} Nb6 {[%emt 0:00:01]} 8. Qd3 {[%emt 0:00:12]} e5 {[%emt 0:01:59]} 9. O-O {[%emt 0:05:30]} exd4 {[%emt 0:00:54]} 10. Rd1 {[%emt 0:00:20]} Be7 {[%emt 0:00:20]} 11. Nxd4 {[%emt 0:00:16]} Nxd4 {[%emt 0:00:11]} 12. Qxd4 {[%emt 0:00:03]} Qxd4 {[%emt 0:00:02]} 13. Rxd4 {[%emt 0:00:02]} O-O {[%emt 0:00:18]} 14. Nc3 {[%emt 0:00:05]} c6 {[%emt 0:00:22]} 15. Ne4 {[%emt 0:01:59]} Be6 {[%emt 0:00:21]} 16. Bg5 {[%emt 0:00:27]} f6 {[%emt 0:02:00]} 17. Bf4 {[%emt 0:00:06]} Rfd8 {[%emt 0:00:54]} 18. Rxd8+ {[%emt 0:01:50]} Rxd8 {[%emt 0:00:02]} 19. b3 {[%emt 0:00:05]} Nd5 {[%emt 0:00:09]} 20. Bd2 {[%emt 0:00:12]} Nb4 {[%emt 0:00:48]} 21. Bxb4 {[%emt 0:01:01]} Bxb4 {[%emt 0:00:01]} 22. h4 {[%emt 0:00:22]} h6 {[%emt 0:00:05]} 23. a3 {[%emt 0:00:16]} Be7 {[%emt 0:00:03]} 24. b4 {[%emt 0:00:02]} Bc4 {[%emt 0:00:28]} 25. e3 {[%emt 0:00:11]} f5 {[%emt 0:01:51]} 26. Rc1 {[%emt 0:00:19]} b5 {[%emt 0:04:07]} 27. Nc5 {[%emt 0:01:11]} Bf6 {[%emt 0:00:01]} 28. a4 {[%emt 0:00:27]} Rd6 {[%emt 0:01:42]} 29. Nb7 {[%emt 0:00:25]} Rd2 {[%emt 0:00:01]} 30. Bxc6 {[%emt 0:00:10]} Bb2 {[%emt 0:00:02]} 31. Re1 {[%emt 0:00:45]} bxa4 {[%emt 0:00:30]} 32. Bxa4 {[%emt 0:00:05]} Ba3 {[%emt 0:01:23]} 33. Na5 {[%emt 0:01:21]} Bd5 {[%emt 0:00:28]} 34. b5 {[%emt 0:00:19]} Kf8 {[%emt 0:00:46]} 35. Nc6 {[%emt 0:00:13]} Ra2 {[%emt 0:00:18]} 36. Rd1 {[%emt 0:00:24]} Bc4 {[%emt 0:00:01]} 37. Rd4 {[%emt 0:00:18]} Ra1+ {[%emt 0:00:10]} 38. Kh2 {[%emt 0:00:05]} Be2 {[%emt 0:00:07]} 39. Bb3 {[%emt 0:00:12]} g5 {[%emt 0:00:19]} 40. Rd8+ {[%emt 0:00:08]} Kg7 {[%emt 0:00:01]} 41. Rd7+ {[%emt 0:00:08]} Kf6 {[%emt 0:00:16]} 42. Rf7+ {[%emt 0:00:15]} Kg6 {[%emt 0:00:01]} 43. Ne5+ {[%emt 0:00:15]} Kh5 {[%emt 0:00:01]} 44. Rxf5 {[%emt 0:00:09]} 1-0

[Event "RUS-chT Women Rapid 2019"]
[Site "Sochi"]
[Date "2019.10.19"]
[Round "6.2"]
[White "Bivol, Alina"]
[Black "Girya, Olga"]
[Result "1-0"]
[WhiteElo "2371"]
[BlackElo "2476"]
[Annotator "ChessBase"]
[PlyCount "153"]
[EventDate "2019.10.18"]
[EventType "swiss"]
[EventCountry "RUS"]
[SourceTitle "playchess.com"]
[Source "ChessBase"]
[SourceQuality "1"]
[TimeControl "900+10"]

1. e4 {[%emt 0:00:00]} c6 {[%emt 0:00:00]} 2. Nc3 {[%emt 0:00:00]} d5 {[%emt 0:00:00]} 3. Qe2 {[%emt 0:00:00]} d4 {[%emt 0:00:09]} 4. Nd1 {[%emt 0:00:00]} e5 {[%emt 0:00:11]} 5. g3 {[%emt 0:00:00]} Nf6 {[%emt 0:00:05]} 6. Bg2 {[%emt 0:00:03]} Be6 {[%emt 0:01:47]} 7. f4 {[%emt 0:00:07]} Bg4 {[%emt 0:00:42]} 8. Nf3 {[%emt 0:00:03]} exf4 {[%emt 0:03:35]} 9. gxf4 {[%emt 0:00:06]} Nh5 {[%emt 0:00:02]} 10. d3 {[%emt 0:00:21]} Qc7 {[%emt 0:00:01]} 11. e5 {[%emt 0:00:37]} Bb4+ {[%emt 0:03:36]} 12. c3 {[%emt 0:00:01]} dxc3 {[%emt 0:00:20]} 13. bxc3 {[%emt 0:00:01]} Be7 {[%emt 0:00:20]} 14. O-O {[%emt 0:01:14]} g6 {[%emt 0:01:45]} 15. Nf2 {[%emt 0:00:55]} Be6 {[%emt 0:00:02]} 16. Nd4 {[%emt 0:00:14]} Ng7 {[%emt 0:00:16]} 17. Ne4 {[%emt 0:00:09]} Nd7 {[%emt 0:00:10]} 18. a4 {[%emt 0:00:52]} Nf5 {[%emt 0:00:10]} 19. Nxe6 {[%emt 0:01:26]} fxe6 {[%emt 0:00:02]} 20. Rb1 {[%emt 0:00:11]} Nc5 {[%emt 0:01:19]} 21. Nxc5 {[%emt 0:01:32]} Bxc5+ {[%emt 0:00:01]} 22. d4 {[%emt 0:00:04]} Be7 {[%emt 0:00:02]} 23. Qa2 {[%emt 0:00:10]} Kf7 {[%emt 0:00:53]} 24. a5 {[%emt 0:00:55]} Rhd8 {[%emt 0:00:02]} 25. Be4 {[%emt 0:01:31]} b5 {[%emt 0:00:35]} 26. Rf3 {[%emt 0:01:35]} a6 {[%emt 0:01:09]} 27. Rh3 {[%emt 0:00:09]} Rh8 {[%emt 0:00:07]} 28. Qe2 {[%emt 0:01:39]} Rac8 {[%emt 0:00:24]} 29. Bxf5 {[%emt 0:00:50]} exf5 {[%emt 0:00:01]} 30. Qa2+ {[%emt 0:00:12]} Kg7 {[%emt 0:00:11]} 31. Be3 {[%emt 0:00:24]} Qd7 {[%emt 0:00:07]} 32. Kf2 {[%emt 0:01:08]} Qd5 {[%emt 0:00:22]} 33. Qxd5 {[%emt 0:00:39]} cxd5 {[%emt 0:00:01]} 34. Bd2 {[%emt 0:00:01]} Rc4 {[%emt 0:00:13]} 35. Ra1 {[%emt 0:00:26]} Rhc8 {[%emt 0:00:02]} 36. Ke2 {[%emt 0:00:37]} Ra4 {[%emt 0:01:10]} 37. Rxa4 {[%emt 0:00:16]} bxa4 {[%emt 0:00:00]} 38. Rg3 {[%emt 0:00:18]} a3 {[%emt 0:00:18]} 39. Rg1 {[%emt 0:00:05]} Kf7 {[%emt 0:00:02]} 40. Kd3 {[%emt 0:00:06]} Rb8 {[%emt 0:00:25]} 41. Ra1 {[%emt 0:00:26]} Ke6 {[%emt 0:00:08]} 42. Bc1 {[%emt 0:00:31]} Rb3 {[%emt 0:00:15]} 43. Kc2 {[%emt 0:00:29]} Rb5 {[%emt 0:00:01]} 44. Bxa3 {[%emt 0:00:01]} Rxa5 {[%emt 0:00:01]} 45. Bb2 {[%emt 0:00:01]} Rxa1 46. Bxa1 {[%emt 0:00:01]} g5 {[%emt 0:00:31]} 47. fxg5 {[%emt 0:00:02]} Bxg5 {[%emt 0:00:01]} 48. Kd3 {[%emt 0:00:13]} Bc1 {[%emt 0:00:16]} 49. c4 {[%emt 0:00:15]} a5 {[%emt 0:00:31]} 50. c5 {[%emt 0:00:17]} a4 {[%emt 0:00:20]} 51. Kc2 {[%emt 0:00:07]} Be3 {[%emt 0:00:04]} 52. Kd3 {[%emt 0:01:22]} Bc1 {[%emt 0:00:02]} 53. Kc2 {[%emt 0:00:01]} Be3 {[%emt 0:00:18]} 54. Kd3 {[%emt 0:00:00]} Bg1 {[%emt 0:00:19]} 55. h3 {[%emt 0:00:01]} f4 {[%emt 0:00:00]} 56. Bb2 {[%emt 0:00:17]} Bf2 {[%emt 0:00:19]} 57. Ba3 {[%emt 0:00:14]} Be1 {[%emt 0:00:11]} 58. c6 {[%emt 0:00:12]} Ba5 {[%emt 0:00:27]} 59. Ke2 {[%emt 0:00:11]} Bb6 {[%emt 0:00:07]} 60. Bd6 {[%emt 0:00:48]} a3 {[%emt 0:00:19]} 61. Bxa3 {[%emt 0:00:11]} Bxd4 {[%emt 0:00:04]} 62. Bd6 {[%emt 0:00:21]} Bb6 {[%emt 0:00:17]} 63. c7 {[%emt 0:00:05]} Bxc7 {[%emt 0:00:02]} 64. Bxc7 {[%emt 0:00:00]} Kf5 {[%emt 0:00:02]} 65. Kf3 {[%emt 0:00:08]} d4 {[%emt 0:00:02]} 66. e6 {[%emt 0:00:19]} Kxe6 {[%emt 0:00:01]} 67. Kxf4 {[%emt 0:00:08]} d3 {[%emt 0:00:07]} 68. Ke3 {[%emt 0:00:01]} Kf5 {[%emt 0:00:01]} 69. Bg3 {[%emt 0:00:03]} d2 {[%emt 0:00:51]} 70. Kxd2 {[%emt 0:00:03]} Ke4 {[%emt 0:00:01]} 71. Ke2 {[%emt 0:00:01]} Kf5 {[%emt 0:00:04]} 72. Kf3 {[%emt 0:00:01]} Kg5 {[%emt 0:00:01]} 73. Be1 {[%emt 0:00:07]} Kh5 {[%emt 0:00:04]} 74. Kg3 {[%emt 0:00:03]} Kg5 {[%emt 0:00:00]} 75. Bd2+ {[%emt 0:00:08]} Kh5 {[%emt 0:00:01]} 76. Bc1 {[%emt 0:00:02]} Kg6 {[%emt 0:00:02]} 77. Kg4 {[%emt 0:00:02]} 1-0

[Event "RUS-chT Women Rapid 2019"]
[Site "Sochi"]
[Date "2019.10.19"]
[Round "6.3"]
[White "Guseva, Marina"]
[Black "Maltsevskaya, Aleksandra"]
[Result "1-0"]
[WhiteElo "2366"]
[BlackElo "2333"]
[Annotator "NA"]
[PlyCount "89"]
[EventDate "2019.10.18"]
[EventType "swiss"]
[EventCountry "RUS"]
[SourceTitle "playchess.com"]
[Source "ChessBase"]
[SourceQuality "1"]
[TimeControl "900+10"]

1. d4 {[%emt 0:00:00]} Nf6 {[%emt 0:00:00]} 2. c4 {[%emt 0:00:00]} b6 {[%emt 0:00:00]} 3. Nc3 {[%emt 0:00:00]} Bb7 {[%emt 0:00:00]} 4. Qc2 {[%emt 0:00:03]} d5 {[%emt 0:00:12]} 5. cxd5 {[%emt 0:00:02]} Nxd5 {[%emt 0:00:02]} 6. e4 {[%emt 0:00:01]} Nxc3 {[%emt 0:00:11]} 7. bxc3 {[%emt 0:00:02]} e6 {[%emt 0:00:00]} 8. Nf3 {[%emt 0:00:03]} Be7 {[%emt 0:00:51]} 9. Bc4 {[%emt 0:00:19]} O-O {[%emt 0:00:38]} 10. O-O {[%emt 0:00:03]} c5 {[%emt 0:00:04]} 11. Bf4 {[%emt 0:01:04]} cxd4 {[%emt 0:00:16]} 12. cxd4 {[%emt 0:00:05]} Nc6 {[%emt 0:00:21]} 13. Rad1 {[%emt 0:00:10]} Na5 {[%emt 0:02:57]} 14. Bd3 {[%emt 0:00:14]} Rc8 {[%emt 0:00:07]} 15. Qe2 {[%emt 0:02:12]} Nc6 {[%emt 0:00:12]} 16. d5 {[%emt 0:02:36]} exd5 {[%emt 0:01:23]} 17. exd5 {[%emt 0:00:03]} Nb4 {[%emt 0:00:02]} 18. d6 {[%emt 0:00:51]} Bf6 {[%emt 0:01:54]} 19. d7 {[%emt 0:02:40]} Nxd3 {[%emt 0:05:25]} 20. dxc8=Q {[%emt 0:02:17]} Nxf4 {[%emt 0:00:09]} 21. Qxb7 {[%emt 0:00:38]} Nxe2+ {[%emt 0:00:02]} 22. Kh1 {[%emt 0:00:02]} Qa8 {[%emt 0:02:24]} 23. Rd7 {[%emt 0:00:46]} Qe8 {[%emt 0:01:19]} 24. Re1 {[%emt 0:01:50]} Qe6 {[%emt 0:00:11]} 25. Rd2 {[%emt 0:00:11]} Qg4 {[%emt 0:00:19]} 26. Rdxe2 {[%emt 0:00:05]} h5 {[%emt 0:00:04]} 27. Re8 {[%emt 0:00:08]} g6 {[%emt 0:00:05]} 28. Rxf8+ {[%emt 0:00:04]} Kxf8 {[%emt 0:00:01]} 29. Qxa7 {[%emt 0:00:28]} h4 {[%emt 0:00:08]} 30. h3 {[%emt 0:00:10]} Qb4 {[%emt 0:00:07]} 31. Qa8+ {[%emt 0:00:42]} Kg7 {[%emt 0:00:02]} 32. Qe4 {[%emt 0:00:03]} Qa5 {[%emt 0:00:09]} 33. Qe2 {[%emt 0:00:39]} g5 {[%emt 0:00:18]} 34. Rd1 {[%emt 0:00:02]} Qa4 {[%emt 0:00:04]} 35. Qd2 {[%emt 0:00:27]} g4 {[%emt 0:00:05]} 36. hxg4 {[%emt 0:00:08]} Qxg4 {[%emt 0:00:01]} 37. Ng1 {[%emt 0:00:15]} Qe4 {[%emt 0:00:34]} 38. Qe2 {[%emt 0:00:05]} Qf5 {[%emt 0:00:08]} 39. Qf3 {[%emt 0:00:18]} Qg6 {[%emt 0:00:02]} 40. Nh3 {[%emt 0:00:05]} Be5 {[%emt 0:00:02]} 41. Re1 {[%emt 0:00:14]} Bf6 {[%emt 0:00:03]} 42. Re4 {[%emt 0:00:04]} Kf8 {[%emt 0:00:06]} 43. Qg4 {[%emt 0:00:53]} Qh6 {[%emt 0:00:03]} 44. Qc8+ {[%emt 0:00:12]} Kg7 {[%emt 0:00:01]} 45. Rg4+ {[%emt 0:00:02]} 1-0

[Event "RUS-chT Women Rapid 2019"]
[Site "Sochi"]
[Date "2019.10.19"]
[Round "6.4"]
[White "Obolentseva, Alexandra"]
[Black "Kovanova, Baira"]
[Result "1/2-1/2"]
[WhiteElo "2282"]
[BlackElo "2344"]
[Annotator "NA"]
[PlyCount "69"]
[EventDate "2019.10.18"]
[EventType "swiss"]
[EventCountry "RUS"]
[SourceTitle "playchess.com"]
[Source "ChessBase"]
[SourceQuality "1"]
[TimeControl "900+10"]

1. d4 {[%emt 0:00:00]} Nf6 {[%emt 0:00:00]} 2. c4 {[%emt 0:00:00]} e6 {[%emt 0:00:00]} 3. g3 {[%emt 0:00:00]} c5 {[%emt 0:00:00]} 4. Nf3 {[%emt 0:01:24]} cxd4 {[%emt 0:00:00]} 5. Nxd4 {[%emt 0:00:02]} Nc6 {[%emt 0:00:18]} 6. Bg2 {[%emt 0:00:29]} Bb4+ {[%emt 0:02:02]} 7. Bd2 {[%emt 0:00:02]} Be7 {[%emt 0:02:10]} 8. Bc3 {[%emt 0:00:23]} O-O {[%emt 0:00:29]} 9. O-O {[%emt 0:00:03]} a6 {[%emt 0:00:20]} 10. e4 {[%emt 0:03:34]} Nxd4 {[%emt 0:01:26]} 11. Bxd4 {[%emt 0:00:24]} d6 {[%emt 0:00:06]} 12. e5 {[%emt 0:02:15]} dxe5 {[%emt 0:00:19]} 13. Bxe5 {[%emt 0:00:01]} Qb6 {[%emt 0:00:02]} 14. Bd4 {[%emt 0:00:37]} Qc7 {[%emt 0:00:06]} 15. Qe2 {[%emt 0:00:15]} Bd7 {[%emt 0:00:43]} 16. Nd2 {[%emt 0:00:30]} Bc6 {[%emt 0:00:22]} 17. Bxc6 {[%emt 0:00:17]} Qxc6 {[%emt 0:00:02]} 18. Qf3 {[%emt 0:00:04]} Qc7 {[%emt 0:01:31]} 19. Rac1 {[%emt 0:00:43]} Rad8 {[%emt 0:01:20]} 20. Nb3 {[%emt 0:00:23]} e5 {[%emt 0:03:01]} 21. Be3 {[%emt 0:01:23]} Rfe8 {[%emt 0:01:18]} 22. Rfd1 {[%emt 0:03:21]} e4 {[%emt 0:00:30]} 23. Qe2 {[%emt 0:00:14]} Qc8 {[%emt 0:00:02]} 24. Bb6 {[%emt 0:00:35]} Rxd1+ {[%emt 0:00:02]} 25. Rxd1 {[%emt 0:00:02]} Qh3 {[%emt 0:00:17]} 26. Qf1 {[%emt 0:00:08]} Qe6 {[%emt 0:00:38]} 27. Bd4 {[%emt 0:00:12]} Ng4 {[%emt 0:00:06]} 28. Qe2 {[%emt 0:00:13]} Bf6 {[%emt 0:01:31]} 29. Bxf6 {[%emt 0:00:24]} Nxf6 {[%emt 0:00:02]} 30. Nd4 {[%emt 0:00:11]} Qh3 {[%emt 0:00:16]} 31. Qf1 {[%emt 0:00:03]} Qh5 {[%emt 0:00:03]} 32. Qe2 {[%emt 0:00:20]} Qh3 {[%emt 0:00:02]} 33. Qf1 {[%emt 0:00:01]} Qh5 {[%emt 0:00:00]} 34. Qe2 {[%emt 0:00:01]} Qh3 {[%emt 0:00:14]} 35. Qf1 1/2-1/2

[Event "RUS-chT Women Rapid 2019"]
[Site "Sochi"]
[Date "2019.10.19"]
[Round "6.5"]
[White "Bodnaruk, Anastasia"]
[Black "Voit, Daria"]
[Result "1/2-1/2"]
[WhiteElo "2419"]
[BlackElo "2336"]
[Annotator "NA"]
[PlyCount "61"]
[EventDate "2019.10.18"]
[EventType "swiss"]
[EventCountry "RUS"]
[SourceTitle "playchess.com"]
[Source "ChessBase"]
[SourceQuality "1"]
[TimeControl "900+10"]

1. e4 {[%emt 0:00:00]} e6 {[%emt 0:00:00]} 2. d4 {[%emt 0:00:00]} d5 {[%emt 0:00:00]} 3. Nc3 {[%emt 0:00:07]} Nf6 {[%emt 0:00:00]} 4. e5 {[%emt 0:00:03]} Nfd7 {[%emt 0:00:00]} 5. f4 {[%emt 0:00:02]} c5 {[%emt 0:00:00]} 6. Nf3 {[%emt 0:00:02]} Nc6 {[%emt 0:00:00]} 7. Be3 {[%emt 0:00:02]} Qb6 {[%emt 0:00:04]} 8. Na4 {[%emt 0:02:03]} Qa5+ {[%emt 0:00:03]} 9. c3 {[%emt 0:00:01]} cxd4 {[%emt 0:00:02]} 10. b4 {[%emt 0:01:04]} Nxb4 {[%emt 0:00:08]} 11. cxb4 {[%emt 0:00:02]} Bxb4+ {[%emt 0:00:02]} 12. Bd2 {[%emt 0:00:01]} Bxd2+ {[%emt 0:00:02]} 13. Nxd2 {[%emt 0:00:05]} b6 {[%emt 0:00:01]} 14. Be2 {[%emt 0:03:24]} Nc5 {[%emt 0:00:58]} 15. Nxc5 {[%emt 0:00:12]} bxc5 {[%emt 0:00:03]} 16. O-O {[%emt 0:00:10]} Bd7 {[%emt 0:03:35]} 17. Rc1 {[%emt 0:02:22]} Rc8 {[%emt 0:00:09]} 18. Nf3 {[%emt 0:01:07]} g6 {[%emt 0:02:36]} 19. Kh1 {[%emt 0:00:19]} Ke7 {[%emt 0:02:28]} 20. Ng5 {[%emt 0:02:31]} Rb8 {[%emt 0:01:03]} 21. g4 {[%emt 0:02:03]} Rb2 {[%emt 0:02:53]} 22. f5 {[%emt 0:00:01]} gxf5 {[%emt 0:00:41]} 23. gxf5 {[%emt 0:00:01]} exf5 {[%emt 0:01:46]} 24. Bd3 {[%emt 0:00:07]} h6 {[%emt 0:00:36]} 25. Qh5 {[%emt 0:02:01]} hxg5 {[%emt 0:00:41]} 26. Qxh8 {[%emt 0:00:17]} Qd2 {[%emt 0:00:02]} 27. Qf6+ {[%emt 0:00:42]} Ke8 {[%emt 0:00:01]} 28. Qh8+ {[%emt 0:00:01]} Ke7 {[%emt 0:00:01]} 29. Qf6+ {[%emt 0:00:35]} Ke8 {[%emt 0:00:01]} 30. Qh8+ {[%emt 0:00:17]} Ke7 {[%emt 0:00:01]} 31. Qf6+ {[%emt 0:00:11]} 1/2-1/2